Miasta w Indiach czy w Pakistanie? - klikanie - Statystyki

Ogólne statystyki
  • Ten quiz został rozwiązany 29 razy
  • Średni wynik to 10 z 16
Statystyki odpowiedzi
Hint Odpowiedź % Poprawnych
Delhi Indie
90%
Karaczi Pakistan
85%
Islamabad Pakistan
85%
Madras Indie
80%
Fajsalabad Pakistan
70%
Bengaluru Indie
65%
Kanpur Indie
65%
Waranasi Indie
65%
Multan Pakistan
65%
Ahmadabad Indie
60%
Peszawar Pakistan
60%
Surat Indie
55%
Lucknow Indie
55%
Kweta Pakistan
55%
Rawalpindi Pakistan
25%
Gudźranwala Pakistan
20%
Nie znaleziono quizów pasujących do podanych kryteriów
Rozkład punktacji
Procent ludzi z każdym wynikiem
Percentyl według liczby udzielonych odpowiedzi
Twoja historia wyników
Nie rozwiązałeś tego quizu